| 000 -LEADER |
| fixed length control field |
00944cam a22002414a 4500 |
| 003 - CONTROL NUMBER IDENTIFIER |
| control field |
OSt |
| 005 - DATE AND TIME OF LATEST TRANSACTION |
| control field |
20240430200811.0 |
| 008 - FIXED-LENGTH DATA ELEMENTS--GENERAL INFORMATION |
| fixed length control field |
990226s1999 nyua bi 001 0 eng |
| 020 ## - INTERNATIONAL STANDARD BOOK NUMBER |
| International Standard Book Number |
9780306458910 |
| 082 00 - DEWEY DECIMAL CLASSIFICATION NUMBER |
| Classification number |
720.87 |
| Edition number |
21 |
| 245 00 - TITLE STATEMENT |
| Title |
Enabling environments : |
| Remainder of title |
measuring the impact of environment on disability and rehabilation / |
| Statement of responsibility, etc |
edited by Edward Steinfeld and G. Scott Danford. |
| 260 ## - PUBLICATION, DISTRIBUTION, ETC. (IMPRINT) |
| Place of publication, distribution, etc |
New York : |
| Name of publisher, distributor, etc |
Kluwer Academic/Plenum Publishers, |
| Date of publication, distribution, etc |
c1999. |
| 300 ## - PHYSICAL DESCRIPTION |
| Extent |
xvi, 418 p. : |
| Other physical details |
ill. ; |
| Dimensions |
24 cm. |
| 440 #0 - SERIES STATEMENT/ADDED ENTRY--TITLE |
| Title |
Plenum series in rehabilitation and health |
| 504 ## - BIBLIOGRAPHY, ETC. NOTE |
| Bibliography, etc |
Includes bibliographical references and index. |
| 650 #0 - SUBJECT ADDED ENTRY--TOPICAL TERM |
| Topical term or geographic name as entry element |
Barrier-free design |
| Geographic subdivision |
United States. |
| 650 #0 - SUBJECT ADDED ENTRY--TOPICAL TERM |
| Topical term or geographic name as entry element |
Dwellings |
| General subdivision |
Barrier-free design |
| Geographic subdivision |
United States. |
| 650 #0 - SUBJECT ADDED ENTRY--TOPICAL TERM |
| Topical term or geographic name as entry element |
People with disabilities |
| General subdivision |
Rehabilitation |
| Geographic subdivision |
United States. |
| 650 #0 - SUBJECT ADDED ENTRY--TOPICAL TERM |
| Topical term or geographic name as entry element |
Environmental psychology |
| Geographic subdivision |
United States. |
| 700 1# - ADDED ENTRY--PERSONAL NAME |
| Personal name |
Steinfeld, Edward. |
| 700 1# - ADDED ENTRY--PERSONAL NAME |
| Personal name |
Danford, G. Scott. |
| 942 ## - ADDED ENTRY ELEMENTS (KOHA) |
| Source of classification or shelving scheme |
|